[Event "Tournoi Skype 012A"]
[Site "Skype"]
[Date "????.??.??"]
[Round "3.24"]
[White "Holtz, Steve"]
[Black "Trivedi, Viral"]
[Result "1-0"]
[WhiteElo "1494"]
[BlackElo "1542"]
[PlyCount "27"]

1. e4 e5 2. Nf3 Nc6 3. Bc4 Bc5 4. c3 Qe7 5. O-O Nf6 6. d4 exd4 7. cxd4 Bb6 8.
Nc3 O-O 9. Bg5 h6 10. Nd5 Qxe4 11. Bxf6 Re8 12. Re1 Qg6 13. Rxe8+ Kh7 14. Bd3
1-0

[Event "Tournoi Skype 012A"]
[Site "Skype"]
[Date "????.??.??"]
[Round "3.25"]
[White "Gieschen, Mike"]
[Black "Antonic, Nenad"]
[Result "1-0"]
[WhiteElo "1538"]
[BlackElo "1489"]
[PlyCount "67"]

1. Nf3 d5 2. d4 Nf6 3. c4 c6 4. g3 Bf5 5. Nc3 Nbd7 6. c5 e6 7. Bg2 Be7 8. O-O
O-O 9. Bf4 Re8 10. Re1 Nf8 11. Nd2 Ng6 12. Bg5 h6 13. Bxf6 Bxf6 14. e3 Be7 15.
b4 a6 16. a4 b6 17. b5 bxc5 18. dxc5 Bxc5 19. e4 dxe4 20. Bxe4 Bxe4 21. Ndxe4
Bd4 22. bxc6 f5 23. Rc1 fxe4 24. Nxe4 Ne7 25. c7 Qd7 26. Rc4 e5 27. Re2 Rf8 28.
Rec2 Qd5 29. Qd3 Qb7 30. Nd6 Qb1+ 31. Qf1 Bxf2+ 32. Rxf2 Rxf2 33. Kxf2 Rf8+ 34.
Rf4 1-0

[Event "Tournoi Skype 012A"]
[Site "Skype"]
[Date "????.??.??"]
[Round "3.26"]
[White "Malbec, Robert"]
[Black "Talbot, Jacques"]
[Result "0-1"]
[WhiteElo "1518"]
[BlackElo "1454"]
[PlyCount "54"]

1. e4 e5 2. Nf3 d6 3. d4 exd4 4. Nxd4 Nf6 5. Nc3 c6 6. Bg5 Be7 7. Bd3 O-O 8.
O-O h6 9. Be3 Ng4 10. Bd2 Nf6 11. h3 d5 12. exd5 Nxd5 13. Re1 Bf6 14. Nf3 Be6
15. Rb1 Nxc3 16. bxc3 b6 17. Qe2 Nd7 18. Qe4 Re8 19. Qxc6 Nc5 20. Qb5 Nxd3 21.
cxd3 Rc8 22. Qa6 Qd7 23. d4 Bc4 24. Qa5 bxa5 25. Ne5 Bxe5 26. Rxe5 Rxe5 27.
dxe5 Qxd2 0-1

[Event "Tournoi Skype 012A"]
[Site "Skype"]
[Date "????.??.??"]
[Round "4.1"]
[White "Ayotte, Jocelyn"]
[Black "Salazar Ticeran, Antonio"]
[Result "1-0"]
[WhiteElo "2037"]
[BlackElo "1841"]
[PlyCount "108"]

1. d4 Nf6 2. Nf3 g6 3. c4 Bg7 4. Nc3 d6 5. e4 O-O 6. Be2 Nc6 7. O-O e5 8. d5
Ne7 9. Ne1 Ne8 10. Nd3 f5 11. f3 f4 12. g4 h5 13. h3 Kf7 14. Kg2 Ng8 15. Rh1
Bf6 16. Bd2 Nh6 17. Be1 Bh4 18. Bxh4 Qxh4 19. Qe1 Qxe1 20. Rhxe1 Kf6 21. b4 Rh8
22. c5 Nf7 23. Bd1 Bd7 24. Ba4 Bxa4 25. Nxa4 hxg4 26. hxg4 Ng5 27. Rh1 Ng7 28.
Nab2 Ke7 29. Nc4 Nf7 30. Rac1 Rxh1 31. Rxh1 Rh8 32. Rxh8 Nxh8 33. Na5 b6 34.
Nc6+ Kd7 35. Nxa7 g5 36. a4 Ng6 37. a5 dxc5 38. a6 c4 39. Nc6 Kc8 40. Ndxe5
Nxe5 41. Nxe5 c3 42. Kf2 c2 43. Nd3 Ne8 44. Ke2 Kb8 45. e5 c5 46. d6 Ng7 47. d7
Ne6 48. bxc5 bxc5 49. Kd2 c4 50. Nc5 Nd8 51. e6 Nc6 52. e7 c3+ 53. Kc1 Nxe7 54.
d8=Q+ Nc8 1-0

[Event "Tournoi Skype 012A"]
[Site "Skype"]
[Date "????.??.??"]
[Round "4.2"]
[White "Plourde, Alain"]
[Black "Torres Renjifo, Saulo De Jesus"]
[Result "0-1"]
[WhiteElo "1876"]
[BlackElo "1897"]
[PlyCount "52"]

1. d4 Nf6 2. c4 e6 3. Nf3 Bb4+ 4. Bd2 Qe7 5. a3 Bxd2+ 6. Nbxd2 O-O 7. e4 d6 8.
Bd3 e5 9. d5 Nh5 10. b3 Nf4 11. Bf1 f5 12. g3 fxe4 13. Nxe4 Bg4 14. h3 Bh5 15.
g4 Bg6 16. Nfd2 Nd7 17. g5 Nc5 18. Nxc5 dxc5 19. Qg4 e4 20. O-O-O Qe5 21. Nb1
e3 22. fxe3 Qa1 23. exf4 Qxb1+ 24. Kd2 Qc2+ 25. Ke1 Rae8+ 26. Be2 Rxf4 0-1

[Event "Tournoi Skype 012A"]
[Site "Skype"]
[Date "????.??.??"]
[Round "4.3"]
[White "Hervais, Adrien"]
[Black "Mishra, Om"]
[Result "1-0"]
[WhiteElo "2074"]
[BlackElo "1560"]
[PlyCount "29"]

1. e4 d5 2. Nc3 e6 3. d4 Bb4 4. e5 c5 5. Qg4 cxd4 6. Qxg7 dxc3 7. b3 Qh4 8.
Qxh8 Qe4+ 9. Ne2 Qg6 10. Nf4 Qe4+ 11. Be3 Qxc2 12. Qxg8+ Kd7 13. Qxf7+ Kc6 14.
Bd3 Qb2 15. O-O 1-0

[Event "Tournoi Skype 012A"]
[Site "Skype"]
[Date "????.??.??"]
[Round "4.4"]
[White "Mahapatra, Durgaprasad"]
[Black "Brun, Jacques"]
[Result "1-0"]
[WhiteElo "2100"]
[BlackElo "1783"]
[PlyCount "47"]

1. e4 c5 2. Nc3 Nc6 3. f4 g6 4. Nf3 Bg7 5. Bb5 a6 6. Bxc6 bxc6 7. d3 d6 8. O-O
Qc7 9. Qe1 e6 10. b3 Ne7 11. Ba3 Qa5 12. Bb2 O-O 13. Nd5 Qd8 14. Nf6+ Kh8 15.
Qh4 h6 16. Ng5 Ng8 17. Ngh7 Bb7 18. g4 Qe7 19. g5 h5 20. Nxh5 gxh5 21. Qxh5 e5
22. Nxf8+ Nh6 23. gxh6 Bf6 24. fxe5 1-0

[Event "Tournoi Skype 012A"]
[Site "Skype"]
[Date "????.??.??"]
[Round "4.5"]
[White "Auger, Bertrand"]
[Black "Parmar, Manoj"]
[Result "1-0"]
[WhiteElo "2055"]
[BlackElo "1689"]
[PlyCount "67"]

1. Nf3 d5 2. g3 Nf6 3. Bg2 c6 4. c4 e6 5. b3 Bd6 6. Bb2 Nbd7 7. d4 Qc7 8. O-O
h5 9. Nbd2 Nf8 10. Ng5 Bd7 11. e4 dxe4 12. Ndxe4 Nxe4 13. Nxe4 Be7 14. d5 exd5
15. cxd5 cxd5 16. Qxd5 Ne6 17. Rac1 Bc6 18. Qc4 O-O-O 19. b4 h4 20. b5 Bxe4 21.
Qxe4 Bc5 22. Be5 Qb6 23. Qf5 f6 24. Rxc5+ Qxc5 25. Qxe6+ Rd7 26. Rd1 Qxb5 27.
Bh3 hxg3 28. Qxd7+ Qxd7 29. Bxd7+ Kd8 30. Bf5+ Ke7 31. Bd6+ Kf7 32. Bxg3 Rh5
33. Rd7+ Kg8 34. Bg6 1-0

[Event "Tournoi Skype 012A"]
[Site "Skype"]
[Date "????.??.??"]
[Round "4.6"]
[White "Legueltel, Daniel"]
[Black "Lambert, Pierre"]
[Result "0-1"]
[WhiteElo "1653"]
[BlackElo "1938"]
[PlyCount "80"]

1. d4 Nf6 2. c4 g6 3. Nc3 d5 4. cxd5 Nxd5 5. e4 Nxc3 6. bxc3 Bg7 7. Nf3 c5 8.
Bb5+ Bd7 9. Bxd7+ Qxd7 10. O-O Nc6 11. Be3 O-O 12. Qd2 Rad8 13. Rfd1 Qg4 14.
Qc2 cxd4 15. cxd4 Rc8 16. Qb1 Rc7 17. h3 Qc8 18. a3 Rd8 19. Ra2 Na5 20. d5 b6
21. Rc1 Rxc1+ 22. Bxc1 Rd7 23. Bf4 Qa6 24. Rc2 Rd8 25. Qb4 Bf8 26. Rc7 e5 27.
Nxe5 Bxb4 28. Nxf7 Rc8 29. Nh6+ Kf8 30. Rf7+ Ke8 31. axb4 Nc4 32. d6 Nxd6 33.
Bxd6 Rc1+ 34. Kh2 Qf1 35. Re7+ Kd8 36. Nf7+ Kc8 37. f3 Rc2 38. Re8+ Kb7 39.
Rb8+ Ka6 40. b5+ Kxb5 0-1

[Event "Tournoi Skype 012A"]
[Site "Skype"]
[Date "????.??.??"]
[Round "4.7"]
[White "Rico Hernandez, Edgar"]
[Black "Casey, Eamonn"]
[Result "1-0"]
[WhiteElo "1904"]
[BlackElo "1654"]
[PlyCount "71"]

1. d4 Nf6 2. c4 e6 3. Nc3 d5 4. e3 Be7 5. Nf3 Nbd7 6. Bd3 O-O 7. O-O b6 8. Re1
Bb7 9. cxd5 Nxd5 10. Nxd5 exd5 11. Bd2 c5 12. Bc3 Rc8 13. Rc1 Re8 14. Qc2 h6
15. Bh7+ Kh8 16. Bf5 Bf6 17. Qa4 Bc6 18. Qb3 Rb8 19. Qc2 Bb7 20. Red1 c4 21.
Bb4 Nf8 22. b3 b5 23. Rb1 Be7 24. Bxe7 Qxe7 25. bxc4 bxc4 26. Rb2 Nd7 27. Bxd7
Qxd7 28. Rdb1 Qc7 29. Ne5 Kg8 30. Rb5 Re6 31. Rc5 Qd8 32. Rbb5 Rb6 33. Qf5 Rf6
34. Qd7 Bc6 35. Qxd8+ Rxd8 36. Nxc6 1-0

[Event "Tournoi Skype 012A"]
[Site "Skype"]
[Date "????.??.??"]
[Round "4.8"]
[White "Bourdeau, Yvan"]
[Black "Hilton, Stephen"]
[Result "0-1"]
[WhiteElo "1647"]
[BlackElo "1892"]
[PlyCount "72"]

1. e4 c5 2. Nf3 d6 3. d4 cxd4 4. Nxd4 Nf6 5. Nc3 a6 6. Be2 e5 7. Nb3 Be7 8. O-O
O-O 9. a4 b6 10. Be3 Bb7 11. f3 Nbd7 12. Nd5 Nxd5 13. exd5 f5 14. c4 a5 15. Nd2
Rc8 16. Rc1 Ba6 17. b3 Bf6 18. Qc2 g6 19. Bd3 Bg7 20. Nb1 Nc5 21. Rce1 Qf6 22.
Rd1 Rb8 23. Na3 Qe7 24. Rde1 f4 25. Bxc5 bxc5 26. Nb5 Bc8 27. Qd2 Qd8 28. Bc2
Bf5 29. Na7 Bd7 30. Nb5 Rf6 31. Be4 g5 32. Qc2 Rh6 33. Rf2 g4 34. Rff1 Qh4 35.
h3 gxh3 36. Kh2 hxg2+ 0-1

[Event "Tournoi Skype 012A"]
[Site "Skype"]
[Date "????.??.??"]
[Round "4.9"]
[White "Fouquereau, Andre"]
[Black "Jacquelin, Norbert"]
[Result "0-1"]
[WhiteElo "1557"]
[BlackElo "1807"]
[PlyCount "70"]

1. e4 e5 2. Nf3 Nf6 3. Nc3 Nc6 4. Bb5 Nd4 5. Ba4 Bc5 6. d3 O-O 7. Bg5 c6 8. Bb3
d6 9. Na4 Nxb3 10. axb3 Bb4+ 11. c3 Ba5 12. b4 Bc7 13. O-O b5 14. b3 bxa4 15.
bxa4 Bg4 16. h3 Bh5 17. d4 exd4 18. cxd4 Qe7 19. Bxf6 Qxf6 20. Qd3 Bxf3 21.
Qxf3 Qxd4 22. Rab1 Rae8 23. Rfc1 Qe5 24. Qf5 c5 25. Qxe5 Rxe5 26. f3 f5 27. Rc4
d5 28. exd5 Rxd5 29. bxc5 Rfd8 30. Rcc1 Rd2 31. Kf1 g5 32. Re1 Bg3 33. Re2 Rd1+
34. Rxd1 Rxd1+ 35. Re1 Rxe1# 0-1

[Event "Tournoi Skype 012A"]
[Site "Skype"]
[Date "????.??.??"]
[Round "4.10"]
[White "Meyer, Eric"]
[Black "Rajpurohit, Dinesh"]
[Result "0-1"]
[WhiteElo "1741"]
[BlackElo "1626"]
[PlyCount "76"]

1. d4 Nf6 2. c4 d5 3. cxd5 Qxd5 4. Nc3 Qd8 5. Nf3 Nc6 6. e4 e6 7. Bd3 Be7 8.
O-O O-O 9. Bc2 Bb4 10. Bg5 Be7 11. Re1 h6 12. Bf4 a6 13. a3 b5 14. Qd3 e5 15.
Bxe5 Nxe5 16. Nxe5 Bb7 17. Nf3 g6 18. Rad1 Re8 19. d5 Bc5 20. h3 Nh5 21. e5 Nf4
22. Qe4 Ne6 23. dxe6 Bxe4 24. Rxd8 Bxc2 25. Rxa8 Rxa8 26. exf7+ Kxf7 27. e6+
Kg8 28. Nd5 Bd6 29. Nxc7 Bxc7 30. Rc1 Rc8 31. Nd4 Bf5 32. g4 Bxe6 33. Nxe6 Bh2+
34. Kxh2 Rxc1 35. Kg2 Rc2 36. Kf1 Rxb2 37. Nc5 a5 38. Nb7 Rb3 0-1

[Event "Tournoi Skype 012A"]
[Site "Skype"]
[Date "????.??.??"]
[Round "4.12"]
[White "Galani, Mahendra"]
[Black "Sharma, Mayank"]
[Result "0-1"]
[WhiteElo "1492"]
[BlackElo "1707"]
[PlyCount "92"]

1. e4 c5 2. Bc4 e6 3. Nc3 a6 4. a3 d6 5. Bb3 Nf6 6. d3 Nc6 7. Nce2 d5 8. exd5
Nxd5 9. c4 Nf6 10. Ba4 Qc7 11. Bf4 Bd6 12. Bxd6 Qxd6 13. Nf3 O-O 14. h3 Rd8 15.
Bc2 Ne5 16. Nxe5 Qxe5 17. Qc1 Bd7 18. f4 Qh5 19. Qe3 Ng4 20. Qg1 Nh6 21. g4
Qh4+ 22. Ng3 Bc6 23. Rh2 e5 24. f5 Re8 25. O-O-O b5 26. cxb5 axb5 27. Ne4 c4
28. dxc4 Nxf5 29. gxf5 Bxe4 30. Bxe4 Qxe4 31. f6 Qf4+ 32. Kb1 Qxf6 33. cxb5 e4
34. h4 Qf5 35. b6 e3+ 36. Ka1 Qb5 37. Rd6 Qe5 38. Rd3 e2 39. b7 e1=Q+ 40. Qxe1
Qxe1+ 41. Ka2 Rad8 42. Rhd2 Qe6+ 43. b3 Rxd3 44. Rxd3 Qe2+ 45. Rd2 Qxd2+ 46.
Ka1 Re1# 0-1

[Event "Tournoi Skype 012A"]
[Site "Skype"]
[Date "????.??.??"]
[Round "4.13"]
[White "Hague, Mark"]
[Black "Chaignet, Lucas"]
[Result "0-1"]
[WhiteElo "1448"]
[BlackElo "1711"]
[PlyCount "90"]

1. c4 Nf6 2. Nc3 b6 3. e4 d6 4. d4 Bb7 5. Bd3 Nbd7 6. Nf3 g6 7. O-O Bg7 8. Qc2
O-O 9. Bg5 c5 10. d5 Ng4 11. Qd2 Nge5 12. Nxe5 Nxe5 13. Rad1 Bc8 14. Rfe1 Bg4
15. Be2 Bxe2 16. Qxe2 h6 17. Bc1 a6 18. f4 Nd7 19. Rd3 Rb8 20. Rh3 f5 21. e5
Kh7 22. e6 Nf6 23. Kh1 Qe8 24. Nd1 b5 25. b3 bxc4 26. bxc4 Rb4 27. Bd2 Rb8 28.
Nf2 Rb2 29. Qd3 Rxa2 30. Rg1 Qa4 31. g4 fxg4 32. Nxg4 Nxg4 33. Rxg4 Qd1+ 34.
Rg1 Qc2 35. Qxc2 Rxc2 36. Rg2 Rxc4 37. Rhg3 Rg8 38. Rxg6 Rd4 39. Be3 Rd1+ 40.
Bg1 a5 41. h4 Rxd5 42. R6g3 Rh5 43. Rg4 a4 44. Ra2 Bf6 45. Bf2 Rxg4 0-1

[Event "Tournoi Skype 012A"]
[Site "Skype"]
[Date "????.??.??"]
[Round "4.14"]
[White "De Leener, Luc"]
[Black "Patra Kumar, Subhendu"]
[Result "0-1"]
[WhiteElo "1637"]
[BlackElo "1579"]
[PlyCount "114"]

1. e4 e5 2. Nf3 Nc6 3. Bc4 Bc5 4. c3 Nf6 5. O-O Nxe4 6. d4 exd4 7. cxd4 Be7 8.
Re1 d5 9. Bd3 Bf5 10. Nc3 Nxc3 11. bxc3 Bxd3 12. Qxd3 O-O 13. Rb1 Rb8 14. Bf4
Bd6 15. Bxd6 Qxd6 16. Ng5 Qg6 17. Qxg6 hxg6 18. Re3 Rfe8 19. Rxe8+ Rxe8 20. Kf1
b6 21. Re1 Rxe1+ 22. Kxe1 Kf8 23. Ke2 Ke7 24. Kd3 Nd8 25. c4 Ne6 26. Nf3 Nf4+
27. Kc3 Nxg2 28. cxd5 f6 29. Kc4 Kd6 30. Nd2 f5 31. a4 Nf4 32. Nf3 Nxd5 33. Ne5
Nf4 34. Nf7+ Ke6 35. Ng5+ Kf6 36. Nh7+ Ke7 37. Ng5 c6 38. Nf3 Nh3 39. Ne5 Kd6
40. Nxg6 Nxf2 41. Nh4 Ke6 42. Nf3 Ne4 43. Ne5 Nd6+ 44. Kd3 Kd5 45. Ng6 Nc8 46.
Nf4+ Kd6 47. h4 Ne7 48. h5 Nd5 49. Nh3 Nf6 50. Nf4 c5 51. dxc5+ bxc5 52. a5 Ng4
53. Kc4 a6 54. Nd3 Ne5+ 55. Kc3 Nxd3 56. Kxd3 Kd5 57. Kc3 f4 0-1

[Event "Tournoi Skype 012A"]
[Site "Skype"]
[Date "????.??.??"]
[Round "4.15"]
[White "Deville, Olivier"]
[Black "Meaney, Mike"]
[Result "1-0"]
[WhiteElo "1958"]
[BlackElo "1508"]
[PlyCount "79"]

1. Nf3 Nf6 2. c4 d6 3. d4 d5 4. cxd5 Nxd5 5. e4 Nf6 6. Nc3 Bg4 7. Qb3 Qc8 8. e5
Nh5 9. Ng5 e6 10. h3 Bf5 11. g4 h6 12. Nf3 Bg6 13. gxh5 Bxh5 14. Bg2 c6 15. O-O
Be7 16. Be3 O-O 17. Rac1 Qc7 18. d5 Qd7 19. d6 Bd8 20. Ne2 f6 21. Nf4 Bf7 22.
Rcd1 g5 23. Nd3 Na6 24. Nc5 Nxc5 25. Bxc5 Bh5 26. Rd2 f5 27. Nd4 Bf7 28. Qc4
Kh7 29. Nb3 Rg8 30. Ba3 g4 31. Nc5 Qc8 32. Kh1 gxh3 33. Bxh3 b6 34. Bxf5+ Bg6
35. Bxe6 b5 36. Bxg8+ Kg7 37. Qe6 Qxe6 38. Bxe6 Bg5 39. f4 Bh4 40. f5 1-0

[Event "Tournoi Skype 012A"]
[Site "Skype"]
[Date "????.??.??"]
[Round "4.16"]
[White "L'Herbon De Lussats, Jean"]
[Black "Kumar Pradhan, Soundarya"]
[Result "0-1"]
[WhiteElo "1525"]
[BlackElo "1682"]
[PlyCount "62"]

1. e4 e6 2. c4 d5 3. cxd5 exd5 4. e5 c5 5. Bb5+ Bd7 6. Qa4 Nc6 7. Nf3 Qc7 8.
O-O Nge7 9. Re1 a6 10. Bxc6 Bxc6 11. Qc2 Ng6 12. b3 Be7 13. Bb2 d4 14. d3 Bxf3
15. gxf3 Qc6 16. Nd2 Nh4 17. Ba3 Qg6+ 18. Kf1 Bg5 19. Ne4 Bf4 20. Qxc5 Qg2+ 21.
Ke2 Qxf3+ 22. Kf1 Qxd3+ 23. Re2 Qh3+ 24. Ke1 Nf3+ 25. Kd1 Qf1+ 26. Kc2 Qxe2+
27. Kb1 Qxe4+ 28. Kb2 Qe2+ 29. Kb1 Nd2+ 30. Kc2 Nc4+ 31. Kb1 Qd3# 0-1

[Event "Tournoi Skype 012A"]
[Site "Skype"]
[Date "????.??.??"]
[Round "4.17"]
[White "Loyarte, Frederic"]
[Black "Janssen, Gerard"]
[Result "0-1"]
[WhiteElo "1519"]
[BlackElo "1652"]
[PlyCount "40"]

1. e4 e5 2. Nf3 d6 3. d4 exd4 4. Nxd4 Nf6 5. Bg5 Be7 6. Nc3 a6 7. Nf5 Bxf5 8.
exf5 Nc6 9. Bxf6 Bxf6 10. Bd3 O-O 11. O-O Ne5 12. f4 Nxd3 13. Qxd3 c6 14. Rad1
d5 15. b3 Qa5 16. Rf3 Rfe8 17. Kf1 Rad8 18. Re3 Rxe3 19. Qxe3 Qxc3 20. Qa7 Qxc2
0-1

[Event "Tournoi Skype 012A"]
[Site "Skype"]
[Date "????.??.??"]
[Round "4.18"]
[White "Le Brun, Yves"]
[Black "Holtz, Steve"]
[Result "0-1"]
[WhiteElo "1628"]
[BlackElo "1494"]
[PlyCount "50"]

1. d4 d5 2. c4 e6 3. Nf3 Nf6 4. Nc3 c5 5. e3 Nc6 6. Be2 a6 7. O-O Bd6 8. cxd5
exd5 9. a3 O-O 10. dxc5 Bxc5 11. Na4 Bd6 12. Bd2 Bc7 13. Nc5 Qd6 14. Nd3 Bg4
15. g3 Qd7 16. Nf4 Bxf4 17. exf4 Rfe8 18. Re1 d4 19. Ng5 h6 20. Bxg4 Rxe1+ 21.
Bxe1 Nxg4 22. Ne4 Qd5 23. f3 Ne3 24. Qd2 f5 25. Nf2 Qxf3 0-1

[Event "Tournoi Skype 012A"]
[Site "Skype"]
[Date "????.??.??"]
[Round "4.19"]
[White "Engstrom, Olle"]
[Black "Khatanhar, Mohit"]
[Result "1-0"]
[WhiteElo "1600"]
[BlackElo "1420"]
[PlyCount "33"]

1. e4 e5 2. Nf3 d6 3. d4 exd4 4. Nxd4 Bd7 5. Nc3 Nf6 6. Bg5 Be7 7. Qd2 h6 8.
Bh4 Nxe4 9. Bxe7 Qxe7 10. Nxe4 Qxe4+ 11. Be2 Qxg2 12. Bf3 Qg6 13. Bxb7 Nc6 14.
Nxc6 Bxc6 15. Bxc6+ Kf8 16. Bxa8 Qg1+ 17. Rxg1 1-0

[Event "Tournoi Skype 012A"]
[Site "Skype"]
[Date "????.??.??"]
[Round "4.20"]
[White "Karia, Vijay"]
[Black "Kumar Pradhan, Prachurya"]
[Result "0-1"]
[WhiteElo "1499"]
[BlackElo "1589"]
[PlyCount "54"]

1. e4 c6 2. Nf3 d5 3. e5 Bg4 4. Be2 e6 5. d4 Nd7 6. O-O c5 7. c3 Ne7 8. Nbd2
Nc6 9. Re1 Be7 10. Bb5 cxd4 11. Bxc6 bxc6 12. cxd4 c5 13. dxc5 Bxc5 14. Re2 O-O
15. Qa4 Bf5 16. Qf4 Bd3 17. Re1 Qb6 18. Qg3 Rab8 19. Nb3 Be7 20. Bh6 Bg6 21.
Be3 Qa6 22. Nh4 Bxh4 23. Qxh4 Nxe5 24. Bc5 Rfc8 25. Rxe5 Rxb3 26. Qe7 Rb7 27.
Re3 Rxe7 0-1

[Event "Tournoi Skype 012A"]
[Site "Skype"]
[Date "????.??.??"]
[Round "4.21"]
[White "Grimwood, Robert"]
[Black "Belouin, Alexis"]
[Result "0-1"]
[WhiteElo "1550"]
[BlackElo "1402"]
[PlyCount "46"]

1. e4 e5 2. Nf3 d6 3. d4 Nc6 4. Bb5 Bd7 5. c3 Nf6 6. O-O Nxe4 7. Re1 Nf6 8.
dxe5 dxe5 9. Bxc6 Bxc6 10. Qxd8+ Rxd8 11. Nxe5 Be7 12. Nxc6 bxc6 13. Bg5 Rd6
14. Na3 Re6 15. Nc4 O-O 16. Ne5 Re8 17. Bxf6 Bxf6 18. Nf3 h6 19. Rxe6 Rxe6 20.
Re1 Rd6 21. h3 c5 22. Kf1 Rb6 23. Ke2 Rxb2+ 0-1

[Event "Tournoi Skype 012A"]
[Site "Skype"]
[Date "????.??.??"]
[Round "4.22"]
[White "De Coninck, Philippe"]
[Black "Gieschen, Mike"]
[Result "1-0"]
[WhiteElo "1420"]
[BlackElo "1538"]
[PlyCount "57"]

1. e4 c5 2. Nf3 Nc6 3. d4 cxd4 4. Nxd4 Nxd4 5. Qxd4 d6 6. Bc4 e5 7. Qd1 Nf6 8.
Qf3 Be7 9. Nc3 Bg4 10. Qd3 O-O 11. O-O Rc8 12. h3 Bh5 13. Be3 a6 14. f3 b5 15.
Bb3 Bg6 16. Rad1 Nh5 17. Nd5 Bg5 18. f4 Bh4 19. f5 Bxf5 20. Rxf5 g6 21. Rf3 Bg5
22. Nb6 Rb8 23. Bxg5 Qxg5 24. Nd7 Nf4 25. Qf1 a5 26. Nxf8 Rxf8 27. Rxd6 a4 28.
Bd5 Nxd5 29. Rxd5 1-0

[Event "Tournoi Skype 012A"]
[Site "Skype"]
[Date "????.??.??"]
[Round "4.23"]
[White "Talbot, Jacques"]
[Black "Mulrooney, Justin"]
[Result "0-1"]
[WhiteElo "1454"]
[BlackElo "1550"]
[PlyCount "44"]

1. e4 e6 2. d4 d5 3. e5 Bd7 4. Nf3 c5 5. c3 Nc6 6. Be2 cxd4 7. cxd4 Nh6 8. Bd3
Be7 9. O-O O-O 10. Bxh6 gxh6 11. Nc3 f6 12. exf6 Bxf6 13. Bc2 Rc8 14. Re1 Qe7
15. a3 Qg7 16. Ne5 Nxe5 17. dxe5 Bxe5 18. Qd3 Bxc3 19. bxc3 Rxc3 20. Qd2 Rcf3
21. Re3 Qxa1+ 22. Re1 Qg7 0-1

[Event "Tournoi Skype 012A"]
[Site "Skype"]
[Date "????.??.??"]
[Round "4.24"]
[White "Duthoit, Bernard"]
[Black "Briere, Jean"]
[Result "0-1"]
[WhiteElo "1506"]
[BlackElo "1519"]
[PlyCount "30"]

1. e4 e5 2. Nf3 Nc6 3. Bb5 d6 4. Bxc6+ bxc6 5. d4 exd4 6. Nxd4 c5 7. Nf3 Ba6 8.
Nc3 Nf6 9. e5 dxe5 10. Qxd8+ Rxd8 11. Nxe5 Bd6 12. Nf3 h6 13. b3 O-O 14. Bb2
Rfe8+ 15. Kd1 Bf4+ 0-1

[Event "Tournoi Skype 012A"]
[Site "Skype"]
[Date "????.??.??"]
[Round "4.25"]
[White "Dubois, Real"]
[Black "Malbec, Robert"]
[Result "1/2-1/2"]
[WhiteElo "1560"]
[BlackElo "1518"]
[PlyCount "108"]

1. d4 d5 2. e3 Nf6 3. Nf3 Bg4 4. Bd3 Nc6 5. c3 e5 6. Be2 Bd6 7. dxe5 Nxe5 8.
Nxe5 Bxe2 9. Qxe2 Bxe5 10. Nd2 O-O 11. Nf3 Bd6 12. h3 c6 13. O-O Bc7 14. b3 Qd6
15. g3 Rfe8 16. Kg2 Re6 17. Nd4 Ree8 18. f4 Ne4 19. Bd2 Qg6 20. Be1 Bd8 21. Qf3
c5 22. Ne2 f5 23. Rd1 Qf7 24. g4 fxg4 25. hxg4 Ba5 26. Ng3 Rad8 27. c4 Bxe1 28.
Rfxe1 Nc3 29. Rd2 dxc4 30. Rxd8 Rxd8 31. bxc4 Nxa2 32. Ra1 Rd2+ 33. Ne2 a6 34.
Kg3 Rb2 35. Nc1 Nxc1 36. Rxc1 Qf6 37. Qd5+ Qf7 38. Qxc5 h6 39. Qd4 Rb4 40. Qd8+
Kh7 41. Qd3+ g6 42. c5 a5 43. c6 bxc6 44. Rxc6 a4 45. Rd6 Rb7 46. Rd8 Ra7 47.
Qc3 Qg7 48. Qa3 Qe7 49. Qxe7+ Rxe7 50. Kf3 Ra7 51. Rd1 Kg7 52. Ra1 a3 53. Ke2
Kf6 54. Kd3 Ke6 1/2-1/2

[Event "Tournoi Skype 012A"]
[Site "Skype"]
[Date "????.??.??"]
[Round "4.26"]
[White "Antonic, Nenad"]
[Black "Trivedi, Viral"]
[Result "1-0"]
[WhiteElo "1489"]
[BlackElo "1542"]
[PlyCount "77"]

1. d4 Nf6 2. Nf3 d5 3. e3 e6 4. Bd3 c5 5. c3 c4 6. Bc2 Bd7 7. Nbd2 b5 8. a3 Bd6
9. O-O O-O 10. e4 Qc7 11. e5 Ne8 12. exd6 Nxd6 13. Ne5 g6 14. Nxd7 Nxd7 15. Nf3
Nf6 16. Bf4 Nh5 17. Bxd6 Qxd6 18. Qd2 Nf6 19. Rfe1 Ng4 20. h3 Nf6 21. Ne5 a5
22. Ng4 Nxg4 23. hxg4 f5 24. gxf5 exf5 25. Re2 Rae8 26. Rae1 Rxe2 27. Qxe2 b4
28. Qe6+ Qxe6 29. Rxe6 Rd8 30. Ra6 bxc3 31. bxc3 Re8 32. Kf1 Rb8 33. Rxa5 Rb2
34. Bd1 Rb1 35. Ke1 Rc1 36. Kd2 Rb1 37. a4 Rb2+ 38. Ke1 Ra2 39. Rxd5 1-0

[Event "Tournoi Skype 012A"]
[Site "Skype"]
[Date "????.??.??"]
[Round "5.1"]
[White "Hervais, Adrien"]
[Black "Ayotte, Jocelyn"]
[Result "1/2-1/2"]
[WhiteElo "2074"]
[BlackElo "2037"]
[PlyCount "87"]

1. e4 d6 2. d4 g6 3. Nc3 Bg7 4. Nf3 Nc6 5. h3 e5 6. Bb5 exd4 7. Nxd4 Bd7 8. Be3
a6 9. Ba4 Nf6 10. Qd2 b5 11. Bb3 Na5 12. Nd5 c5 13. Bh6 O-O 14. Nxf6+ Qxf6 15.
Bxg7 Kxg7 16. Bd5 Nc4 17. Bxc4 bxc4 18. Ne2 Rfe8 19. Nc3 Bc6 20. O-O-O Bxe4 21.
Nxe4 Rxe4 22. Qxd6 Qxf2 23. Rhf1 Qe3+ 24. Kb1 Re6 25. Qd5 Rae8 26. Qxc4 Qe2 27.
Qc3+ Qe5 28. Qxe5+ Rxe5 29. b3 R8e7 30. Rf2 c4 31. bxc4 Re4 32. Rd6 Rxc4 33.
Rxa6 f5 34. Kc1 Kh6 35. Ra5 Ree4 36. Rd5 Re7 37. Rd3 Rb7 38. Rb3 Ra7 39. a3 Kg5
40. Rb4 Rc3 41. a4 Ra3 42. Rff4 Rg3 43. Rf2 Ra3 44. Rff4 1/2-1/2

[Event "Tournoi Skype 012A"]
[Site "Skype"]
[Date "????.??.??"]
[Round "5.2"]
[White "Torres Renjifo, Saulo De Jesus"]
[Black "Hilton, Stephen"]
[Result "1-0"]
[WhiteElo "1897"]
[BlackElo "1892"]
[PlyCount "53"]

1. e4 c5 2. Nc3 Nc6 3. Bb5 Nd4 4. Nf3 a6 5. Bd3 d6 6. Nxd4 cxd4 7. Ne2 e5 8. c3
dxc3 9. dxc3 Nf6 10. Be3 Be7 11. O-O O-O 12. Qb3 Qc7 13. c4 Be6 14. Nc3 Rac8
15. Rac1 b5 16. Nd5 Bxd5 17. cxd5 Qd7 18. h3 Nh5 19. Be2 Nf4 20. Bxf4 exf4 21.
Bg4 Qb7 22. Bxc8 Rxc8 23. Rxc8+ Qxc8 24. Qc3 Qb7 25. Qc6 Qxc6 26. dxc6 Bd8 27.
c7 1-0

[Event "Tournoi Skype 012A"]
[Site "Skype"]
[Date "????.??.??"]
[Round "5.3"]
[White "Jacquelin, Norbert"]
[Black "Mahapatra, Durgaprasad"]
[Result "1-0"]
[WhiteElo "1807"]
[BlackElo "2100"]
[PlyCount "57"]

1. e4 c5 2. Nc3 e6 3. g3 d5 4. exd5 exd5 5. Bg2 Nf6 6. d3 d4 7. Ne4 Nxe4 8.
Bxe4 f5 9. Bg2 Bd6 10. Nh3 Qe7+ 11. Qe2 Qxe2+ 12. Kxe2 h6 13. Bf4 Kd7 14. Bxd6
Kxd6 15. Rhe1 g5 16. Kd2 Nc6 17. Bxc6 bxc6 18. f4 Rb8 19. Rab1 Be6 20. b3 Bd5
21. Ng1 a5 22. a4 gxf4 23. gxf4 Rbg8 24. Re2 Rg4 25. Rf2 Rhg8 26. Ne2 Bf7 27.
Re1 Bh5 28. Ng3 Bf7 29. Nxf5+ 1-0

[Event "Tournoi Skype 012A"]
[Site "Skype"]
[Date "????.??.??"]
[Round "5.4"]
[White "Sharma, Mayank"]
[Black "Auger, Bertrand"]
[Result "0-1"]
[WhiteElo "1707"]
[BlackElo "2055"]
[PlyCount "78"]

1. e4 e6 2. d4 d5 3. e5 c5 4. c3 Qb6 5. Nf3 Nc6 6. a3 Nh6 7. Bd3 Bd7 8. Bc2
cxd4 9. cxd4 Nf5 10. Bxf5 exf5 11. Nc3 Be6 12. b4 h6 13. O-O g5 14. Bb2 Be7 15.
Re1 a5 16. Na4 Qd8 17. b5 Nb8 18. Nc5 g4 19. Nd2 Qb6 20. Nxe6 fxe6 21. a4 Nd7
22. Rc1 Kf7 23. Nf1 h5 24. Ng3 Kg6 25. Qd3 Rhc8 26. Nxf5 exf5 27. e6 Nf6 28.
Re5 Rxc1+ 29. Bxc1 Ne4 30. f3 Rc8 31. Bb2 Bf6 32. Rxd5 Qxe6 33. fxe4 Qxe4 34.
Qxe4 fxe4 35. Rd6 Rc2 36. Ba3 e3 37. Re6 Kf5 38. Re8 Ra2 39. Bc5 Ra1# 0-1